[Event "MTS Logistics 2017"]
[Site "Urla"]
[Date "2017.07.07"]
[Round "1.10"]
[White "Ozen, Bahadir"]
[Black "Kesgin, Halit Kaan"]
[Result "1/2-1/2"]
[WhiteElo "2315"]
[BlackElo "2207"]
[Annotator "TA"]
[PlyCount "92"]
[EventDate "2017.??.??"]
[EventType "schev"]
[EventCountry "TUR"]
[SourceTitle "playchess.com"]
[Source "ChessBase"]
[SourceQuality "1"]

{[%evp 18,92,-7,-31,-29,-37,0,-3,0,-5,27,27,24,11,15,0,26,9,35,26,62,36,52,0,11,0,0,0,0,0,6,-7,-22,-44,-50,-44,-18,-82,0,0,36,29,22,15,251,-27,-27,-28,-28,-28,-28,-75,-74,-116,0,0,0,0,160,96,137,151,148,143,159,159,139,150,144,148,166,146,114,0,81,0,118]} 1. Nf3 d5 2. g3 Nf6 3. Bg2 e6 4. O-O Be7 5. d3 O-O 6. Nbd2 b6 {[%cal Bb7b6,Bb6b5,Bb5b4][%mdl 32]} 7. e4 c5 8. Re1 Nc6 9. e5 Nd7 10. Nf1 b5 {C00: French: Unusual White 2nd moves} (10... Bb7 11. h4 Qc7 12. Bf4 Rae8 13. c3 Qb8 14. d4 Bd8 15. N1h2 Bc7 16. Bd2 b5 17. Ng4 a5 18. h5 a4 19. Qb1 cxd4 20. cxd4 f5 {1-0 (53) Kozul,Z (2613)-Lobanov,S (2429) Tallinn 2016}) 11. h4 {[%cal Bh2h4,Bh4h5,Bh5h6][%mdl 32]} b4 12. N1h2 a5 13. h5 a4 $146 ({Predecessor:} 13... Re8 14. h6 g6 15. Ng4 Ba6 16. Bf4 Rc8 {1-0 (44) Ivekovic,M (2220)-Macek,V (2215) Zagreb 2011}) 14. h6 g6 15. a3 bxa3 16. bxa3 Ba6 17. Ng4 Qc7 18. Bf4 Rfc8 19. Qc1 Rab8 20. Ra2 ({White should try} 20. Bg5 $14) 20... c4 21. d4 c3 $36 {[%mdl 2048] Black has good play.} 22. Bg5 Qd8 23. Bxe7 Qxe7 24. Ne3 Na5 25. Bf1 Bxf1 26. Kxf1 Qf8 27. Nd1 (27. Ng4 $1 $11 {was the only way to keep the balance.}) 27... Rc7 (27... f6 $17 {White must now prevent ...fxe5.} 28. exf6 Nxf6) 28. Kg2 $11 Qc8 29. Qf4 Rb1 $1 30. Ne3 Rb2 $2 {[#]} (30... Rxe1 $11 {and Black is okay.} 31. Nxe1 Rb7) 31. Rxb2 $2 (31. Ng5 $1 $18 {[%mdl 512]} Qf8 32. Nxd5 $1 {[%mdl 512]}) 31... cxb2 32. Rb1 Rb7 $1 33. Ng5 {[%cal Bf3g5,Bg5e4,Be4f6][%mdl 32]} Qf8 34. Kf3 Rb5 35. Ke2 Nc4 (35... Rb8 $1 $17 36. c3 Rb3) 36. Nxc4 dxc4 37. Ne4 Nb6 $2 (37... c3 $11) 38. Nf6+ $16 Kh8 39. Qf3 Nd5 {[#]} 40. Nxd5 $1 exd5 {[%mdl 4096] Endgame KQR-KQR} ({Wrong is} 40... Rxd5 $2 41. Qf6+ Kg8 42. Rxb2 $18) 41. Qf6+ Kg8 {[#]} 42. e6 $1 {[%cal Re6e7] Threatening mate with e7.} fxe6 43. Qxe6+ Qf7 44. Qc8+ Qf8 45. Qe6+ Qf7 $1 {[%cal Rf7e6]} 46. Qc8+ Qf8 {Precision: White = 56%, Black = 39%.} 1/2-1/2

[Event "MTS Logistics 2017"]
[Site "Urla"]
[Date "2017.07.08"]
[Round "2.1"]
[White "Yilmazyerli, Mert"]
[Black "Nevednichy, Vladislav"]
[Result "1/2-1/2"]
[WhiteElo "2459"]
[BlackElo "2524"]
[Annotator "TA"]
[PlyCount "36"]
[EventDate "2017.??.??"]
[EventType "schev"]
[EventCountry "TUR"]
[SourceTitle "playchess.com"]
[Source "ChessBase"]
[SourceQuality "1"]

{[%evp 21,25,29,25,18,25,8]} 1. g3 Nf6 2. Bg2 g6 3. e4 d6 4. d4 Bg7 5. Ne2 O-O 6. O-O e5 7. Nbc3 c6 8. a4 a5 9. h3 Na6 10. Be3 Nb4 11. Qd2 Be6 12. f4 {B07: Pirc Defence: Miscellaneous Systems} Bc4 13. Rf2 {[#]} {Predecessor:} Re8 $146 14. Rd1 Qc7 15. b3 Ba6 16. g4 Rad8 17. Qc1 b6 18. h4 Bh6 {0-1 (18) Nevednichy,V (2541)-Jianu,V (2544) Calimanesti Caciulata 2016} 1/2-1/2

[Event "MTS Logistics 2017"]
[Site "Urla"]
[Date "2017.07.08"]
[Round "2.2"]
[White "Drasko, Milan"]
[Black "Benidze, Davit"]
[Result "1/2-1/2"]
[WhiteElo "2451"]
[BlackElo "2515"]
[Annotator "TA"]
[PlyCount "26"]
[EventDate "2017.??.??"]
[EventType "schev"]
[EventCountry "TUR"]
[SourceTitle "playchess.com"]
[Source "ChessBase"]
[SourceQuality "1"]

{[%evp 9,16,8,14,0,12,0,0,-9,63]} 1. Nf3 d5 2. g3 Nc6 3. d4 Bg4 4. Bg2 Qd7 5. c4 e6 {The position is equal.} 6. cxd5 {D02: 1 d4 d5 2 Nf3 sidelines, including 2...Nf6 3 g3 and 2...Nf6 3 Bf4} (6. O-O Nf6 7. Nc3 Bxf3 8. Bxf3 dxc4 9. e3 Nd5 10. Qe2 Nb6 11. Bd2 Be7 12. Rfd1 O-O 13. Rac1 {0-1 (56) Efimenko,Z (2648)-Fedoseev,V (2662) Dubai 2014}) 6... exd5 7. O-O O-O-O 8. Nc3 Bh3 ({Black should play} 8... f6 $11) {Predecessor:} 9. Bf4 $146 f6 10. Rc1 g5 11. Be3 h5 12. Nb5 a6 13. Rxc6 axb5 {0-1 (34) Lang,T (2338)-Starostits,I (2480) Germany 2013} 1/2-1/2

[Event "MTS Logistics 2017"]
[Site "Urla"]
[Date "2017.07.08"]
[Round "2.3"]
[White "Bagaturov, Giorgi"]
[Black "Evdokimov, Alexander A"]
[Result "1/2-1/2"]
[WhiteElo "2412"]
[BlackElo "2493"]
[Annotator "TA"]
[PlyCount "45"]
[EventDate "2017.??.??"]
[EventType "schev"]
[EventCountry "TUR"]
[SourceTitle "playchess.com"]
[Source "ChessBase"]
[SourceQuality "1"]

{[%evp 20,22,-5,-2,-1]} 1. d4 Nf6 2. c4 e6 3. Nf3 b6 4. g3 Bb7 5. Bg2 Be7 6. O-O O-O 7. d5 exd5 8. Nh4 c6 9. cxd5 Nxd5 10. Nf5 Nc7 11. Nc3 ({Of course not} 11. Qd4 Bf6 $17) 11... d5 {E17: Queen's Indian: 4 g3 Bb7 5 Bg2 Be7} {Predecessor:} 12. e4 $146 Bf6 13. exd5 Nxd5 14. Nxd5 cxd5 15. Bf4 Bxb2 16. Rb1 Bf6 17. Re1 Na6 18. Bd6 Re8 19. Qg4 g6 20. Nh6+ Kg7 21. Nf5+ Kg8 22. Nh6+ Kg7 23. Nf5+ {½-½ (23) Ragger,M (2700)-Vitiugov,N (2721) Germany 2017} 1/2-1/2

[Event "MTS Logistics 2017"]
[Site "Urla"]
[Date "2017.07.08"]
[Round "2.4"]
[White "Arat, Ufuk Sezen"]
[Black "Bulmaga, Irina"]
[Result "0-1"]
[WhiteElo "2400"]
[BlackElo "2412"]
[Annotator "TA"]
[PlyCount "108"]
[EventDate "2017.??.??"]
[EventType "schev"]
[EventCountry "TUR"]
[SourceTitle "playchess.com"]
[Source "ChessBase"]
[SourceQuality "1"]

{[%evp 16,108,4,6,9,0,0,0,2,5,0,0,5,0,8,12,15,12,10,7,7,11,9,8,10,0,0,0,0,0,9,0,0,0,10,-13,-12,-20,-20,-33,-29,-41,-47,-45,-34,-41,-22,-28,-16,-38,0,0,0,-23,0,0,64,60,58,51,50,47,69,55,62,69,84,0,49,0,0,-170,-162,-369,-359,-363,-380,-304,-202,-185,-29,-183,-270,-605,-637,-722,-691,-847,-828,-847,-801,-805,-816,-29972,-29973]} 1. d4 Nf6 2. c4 e6 3. g3 d5 4. Bg2 Bb4+ 5. Bd2 Be7 6. Nf3 O-O 7. Qc2 c6 8. O-O b6 9. Ne5 Bb7 {E11: Bogo-Indian} 10. Rd1 Nbd7 11. cxd5 cxd5 {The position is equal.} 12. Nc6 Bxc6 13. Qxc6 Rc8 14. Qa4 Nb8 {[#]} 15. Rc1 $146 ({Predecessor:} 15. Be1 a6 16. Qb3 Nc6 17. Qd3 {½-½ (32) Gelfand,B (2739)-Kramnik,V (2790) Moscow 2010}) 15... a6 16. Rxc8 Qxc8 17. Nc3 b5 18. Qd1 Qb7 19. Rc1 Nbd7 {[%cal Bb8d7,Bd7b6,Bb6c4][%mdl 32]} 20. Bf4 Rc8 21. Nb1 Nb6 22. Nd2 Nc4 23. b3 Nd6 24. Rc2 Nf5 25. Nf3 Ne4 26. g4 Nfd6 27. Ne1 Nc3 28. Qa1 b4 29. a4 Qb6 30. e3 Nb7 (30... g5 $5 {[%cal Rg5f4]} 31. Be5 Nde4 $15) 31. Nd3 Na5 32. Qb2 Qb7 33. Bf1 f6 34. f3 Rc6 35. h4 Qb6 ({Black should play} 35... Nd1 $11 36. Qc1 Nc3) 36. g5 $14 e5 37. dxe5 {gxf6 is the strong threat.} fxg5 38. hxg5 d4 39. e4 Rg6 40. Rg2 Qd8 41. Nc1 (41. e6 $16) 41... Bxg5 (41... Qf8 $5 {[%cal Rf8f4]} 42. Nd3 Qf7 $14) 42. Bxg5 (42. Qd2 $5 Bxf4 43. Qxf4 $11) 42... Rxg5 43. Bxa6 $2 {[#]} (43. Qd2 $11 Rxg2+ 44. Kxg2) 43... Nd1 $1 $19 {[%cal Rd1b2]} 44. Qe2 $2 (44. Qd2 Ne3 45. Bf1) 44... Ne3 45. Rxg5 Qxg5+ 46. Kh1 Qh5+ ({Not} 46... Qxe5 47. Qb5 $11) 47. Kg1 {[#]} Qxe5 $2 (47... Qg6+ $1 $19 48. Kf2 Qg5) 48. Bc8 $2 (48. Qh2 $11 {and White is okay.} Qg5+ 49. Kh1) 48... Qg5+ (48... Qg3+ $142 49. Kh1 Kf7) 49. Kh1 $2 (49. Kh2) 49... Qh6+ 50. Kg1 Qc6 51. Nd3 Qxc8 52. Nxb4 Qc3 53. Nd5 Qxb3 54. Nxe3 Qxe3+ {Precision: White = 41%, Black = 53%.} 0-1

[Event "MTS Logistics 2017"]
[Site "Urla"]
[Date "2017.07.08"]
[Round "2.5"]
[White "Guseynov, Alihan"]
[Black "Koksal, Ege"]
[Result "1-0"]
[WhiteElo "2352"]
[BlackElo "2390"]
[Annotator "TA"]
[PlyCount "75"]
[EventDate "2017.??.??"]
[EventType "schev"]
[EventCountry "TUR"]
[SourceTitle "playchess.com"]
[Source "ChessBase"]
[SourceQuality "1"]

{[%evp 18,75,28,25,67,43,68,72,70,75,83,8,111,116,103,97,97,96,100,97,101,100,103,102,123,140,126,133,132,128,154,54,68,54,180,132,164,139,257,258,352,333,484,483,492,477,837,825,572,821,809,803,1363,1365,1641,1646,5314,5314,2835,2516]} 1. c4 d6 2. d4 e5 3. Nf3 Nd7 4. Nc3 g6 5. e4 Bg7 6. Be2 Ne7 7. O-O O-O 8. Re1 exd4 {A42: Modern Defence: Averbakh Variation} (8... h6 9. Bf1 exd4 10. Nxd4 Nc6 11. Be3 Nde5 12. f3 Nxd4 13. Bxd4 Be6 14. Nd5 c5 15. Bc3 Nc6 16. Bxg7 Kxg7 {1-0 (42) Le,Q (2718)-Svidler,P (2759) Almaty 2016}) 9. Nxd4 Nc6 10. Be3 {LiveBook: 3 Games} Nde5 {White has an edge.} 11. Qd2 a6 $146 ({Predecessor:} 11... Nxd4 12. Bxd4 f5 13. f4 Nc6 14. Bxg7 Kxg7 15. Rad1 fxe4 16. Nxe4 {1-0 (26) Dittmar,P (2320)-Reschke,T (2208) Schwaebisch Gmuend 2003}) 12. Rad1 Nxd4 13. Bxd4 Be6 14. f4 (14. Qe3 $16) 14... Nc6 ({Don't blunder} 14... Nxc4 $2 15. Bxc4 Bxc4 16. Bxg7 $18) (14... c5 $1 $11 {keeps the balance.} 15. Bf2 Nxc4 16. Bxc4 Bxc4) 15. Bxg7 $16 Kxg7 16. Nd5 f6 17. Qc3 Qd7 18. Bf3 Qf7 19. b4 {[%cal Bb2b4,Bb4a5][%mdl 32]} Rae8 20. a4 b6 21. a5 bxa5 22. bxa5 Nd8 23. Rb1 Kg8 24. Rb8 ({White should play} 24. e5 $16 dxe5 25. fxe5 fxe5 26. Qxe5 (26. Rxe5 c6 $14)) 24... c6 $14 25. Ne3 Bd7 ({Better is} 25... Nb7 $14 26. Rxe8 Rxe8) 26. Qd2 Qe7 27. Rd1 $36 {[%mdl 2048] White is on the roll.} Nf7 (27... Ne6 $16 {might work better.} 28. Rb6 Nc5) 28. Rb7 $18 Qe6 29. Bg4 f5 {[#]} (29... Qxe4 $142 30. Bxd7 Qxe3+ 31. Qxe3 Rxe3 32. Bxc6 Kh8) 30. Nxf5 $1 {[%mdl 512] Strongly threatening Nh6+!White is clearly winning.} Qxe4 (30... gxf5 31. Bxf5) 31. Ng3 ({Less strong is} 31. Rxd7 gxf5 32. Bf3 Qxc4 $18) 31... Bxg4 (31... Qxc4 $142 32. Bxd7 Nd8) 32. Nxe4 Rxe4 33. Re1 Rxc4 34. Ree7 Bf5 35. Qe3 Bc8 36. Rb8 g5 37. Re8 Rc1+ 38. Qxc1 {Precision: White = 73%, Black = 27%.} 1-0

[Event "MTS Logistics 2017"]
[Site "Urla"]
[Date "2017.07.08"]
[Round "2.6"]
[White "Agdelen, Huseyin Can"]
[Black "Ozen, Deniz"]
[Result "0-1"]
[WhiteElo "2309"]
[BlackElo "2351"]
[Annotator "TA"]
[PlyCount "134"]
[EventDate "2017.??.??"]
[EventType "schev"]
[EventCountry "TUR"]
[SourceTitle "playchess.com"]
[Source "ChessBase"]
[SourceQuality "1"]

{[%evp 12,133,89,56,74,12,23,8,0,0,-12,-28,0,0,2,-3,12,8,8,8,6,0,7,-57,-47,-51,-53,-72,-74,-70,-35,-45,0,-77,-37,-44,-24,-23,-16,-12,-20,-27,-10,-92,-86,-104,-104,-97,-93,-95,-102,-134,-131,-147,-131,-216,-213,-204,-164,-154,0,-225,-225,-256,-205,-211,-151,-179,-131,-457,-431,-418,-94,-94,-101,-108,-102,-91,0,-112,-103,-146,-137,-195,-110,-176,-168,-237,-238,-238,-232,-279,-264,-309,-287,-352,-340,-352,-343,-679,-674,-4814,-3202,-29961,-29962,-29948,-12848,-4706,-1216,-956,-750,-4714,-4705,-4714,-2879,-1987,-1906,-29990,-29991,-29992,-29993,-29993,-29994,-29999]} 1. Nf3 Nf6 2. g3 d5 3. Bg2 Bf5 4. O-O e6 5. d3 h6 6. c4 {A07: Réti Opening: New York and Capablanca Systems} Nbd7 (6... Nc6 7. Qa4 Qd7 8. cxd5 exd5 9. Nc3 Bh3 10. e4 Bxg2 11. Kxg2 Be7 12. a3 Rd8 13. e5 Nh7 {½-½ (36) Praggnanandhaa,R (2467)-Savchenko,B (2639) Voronezh 2017}) 7. Nc3 {LiveBook: 3 Games} Bh7 8. b3 $146 (8. cxd5 $16 exd5 9. Bf4) ({Predecessor:} 8. cxd5 exd5 9. Be3 Bc5 10. Bxc5 Nxc5 11. b4 Ne6 12. Qa4+ c6 13. b5 O-O 14. bxc6 bxc6 {0-1 (32) Appel,R (2481)-Bunzmann,D (2484) Germany 2001}) 8... Be7 9. Bb2 O-O 10. Re1 c6 11. Qc2 Nc5 12. Rad1 a5 13. Qc1 Qb6 14. d4 Ncd7 {[%cal Bc5d7,Bd7b6,Bb6d5,Bd5b4][%mdl 32]} 15. Nd2 Rfd8 16. e4 dxe4 17. Na4 (17. Ndxe4 $11 Nxe4 18. Nxe4) 17... Qa7 $15 18. c5 {[%cal Rd2e4]} b6 {[%cal Rb6c5]} 19. cxb6 Nxb6 20. Nc3 {[%cal Rd2e4]} e3 21. fxe3 Nbd5 22. Nce4 (22. Nc4 $11 {keeps the balance.}) 22... Nb4 {White must now prevent ...Nd3.} 23. Nxf6+ Bxf6 24. Be4 Bxe4 25. Nxe4 Be7 26. a3 Nd5 27. Nf2 (27. Rd3 $11 {remains equal.}) 27... c5 $1 $17 28. e4 Nf6 $1 29. Qc4 {Threatening d5.} cxd4 30. Bxd4 Qb7 31. Bxf6 Bxf6 32. Rxd8+ Rxd8 33. e5 (33. Rd1 $17 {keeps fighting.}) 33... Be7 $19 34. a4 Rc8 35. Qd3 Rd8 $2 (35... Bb4 $17 36. Rb1 Qb6) 36. Qe3 $2 (36. Qc4 $1 $11) 36... Bg5 $1 {[%cal Rg5e3]} 37. Qc5 Qxb3 38. Qxa5 Rd5 39. Qa8+ Kh7 40. Qe8 $2 {[%mdl 8192]} (40. Qc6 $17 {is a better chance.}) 40... Qf3 {( -> ...Rd2)} 41. Qc6 {[#]} Be3 $2 (41... g6 $1 $19 42. Nd1 Be7) 42. Qc2+ $17 g6 43. Qe2 Qxe2 44. Rxe2 {[%mdl 4096] Endgame KRB-KRN} Bd4 ({Weaker is} 44... Rxe5 45. Kg2 $16) ({Black should try} 44... Ba7 $17) 45. Kg2 (45. Rd2 $1 $11) 45... Bxe5 46. Ng4 Bd4 47. h3 (47. Rc2 $17) 47... f5 ({Black should play} 47... Ra5 $19 48. Ra2 Kg7) 48. Nh2 {[#]} (48. Ne3 $17 {is a better defense.} Re5 49. Kf3) 48... e5 $1 $19 {[%cal Be6e5,Be5e4][%mdl 32]} 49. Nf1 (49. Nf3 {was necessary.}) 49... Kg7 50. Ra2 Ba7 51. Nd2 e4 52. a5 Rc5 53. a6 Kf6 54. Nb3 Rc3 55. Na5 $2 (55. Rb2) 55... g5 {[%cal Bg6g5,Bg5f4][%mdl 32]} 56. Rd2 {intending Rd6+.} f4 57. gxf4 gxf4 58. Rd6+ Ke5 59. Rc6 Rg3+ (59... f3+ $142 60. Kf1 Bc5) 60. Kh2 Rd3 61. Rc7 Rd2+ 62. Kh1 Rd1+ 63. Kh2 Bg1+ 64. Kh1 Bb6+ {Black mates.} 65. Kh2 Bxc7 66. a7 Kf5 {[%cal Rf4f3]} 67. a8=Q f3# {Precision: White = 35%, Black = 62%.} 0-1

[Event "MTS Logistics 2017"]
[Site "Urla"]
[Date "2017.07.08"]
[Round "2.7"]
[White "Tuncer, Tuna"]
[Black "Dedebas, Emre Emin"]
[Result "0-1"]
[WhiteElo "2274"]
[BlackElo "2322"]
[Annotator "TA"]
[PlyCount "120"]
[EventDate "2017.??.??"]
[EventType "schev"]
[EventCountry "TUR"]
[SourceTitle "playchess.com"]
[Source "ChessBase"]
[SourceQuality "1"]

{[%evp 12,120,23,30,25,25,39,45,53,34,33,58,42,52,49,55,140,33,23,43,59,22,47,0,46,13,160,-130,-124,-87,0,-15,10,10,8,12,51,-31,-31,-23,-29,-26,-20,-25,-40,-18,37,37,37,35,60,61,64,22,77,65,79,37,37,22,42,0,0,0,0,0,0,0,0,-34,-25,-31,-38,-87,-77,-131,-126,-132,-136,-2216,-2234,-1961,-1846,-1898,-1784,-1593,-992,-1324,-1308,-761,-203,-29975,-29976,-29976,-29978,-29976,-29978,-29982,-29981,-29981,-29982,-29984,-29983,-29983,-29984,-29984,-29985,-29985,-29986,-29986,-29987]} 1. e4 e5 2. Nf3 Nc6 3. Bc4 Bc5 4. O-O Nf6 5. d3 d6 6. Bg5 h6 7. Bh4 g5 {C50: Hungarian Defence and Giuoco Pianissimo} 8. Bg3 Qe7 9. c3 Bb6 {White is slightly better.} 10. a4 $146 ({Predecessor:} 10. Re1 Bg4 11. Nbd2 Nh5 12. Nf1 Qf6 13. Ne3 Bxf3 14. Qxf3 Qxf3 15. gxf3 {0-1 (61) Koumanis,S (2157)-Mastrovasilis,A (2499) Kallithea 2003}) 10... a5 11. Nbd2 Bd7 12. Bb5 h5 13. h4 $1 (13. Nxg5 $2 h4 $17) 13... gxh4 ({Black should try} 13... g4 $14 14. Ng5 Nd8) 14. Nxh4 (14. Bxh4 $16 Rg8 15. Nc4) 14... Rg8 $14 {White must now prevent ...Rxg3.} 15. Nc4 Bc5 {Strongly threatening ...Rxg3.} 16. Kh1 $1 Rg4 17. Qf3 O-O-O (17... Nxe4 $5 18. dxe4 Rxh4+ 19. Bxh4 Qxh4+ 20. Kg1 Ke7 $14) 18. Nf5 (18. Rfe1 {is more complex.} Nh7 19. Nf5 Qf6 20. Nfe3 Qxf3 21. gxf3 Rg6 22. Bxc6 Bxc6 23. Nf5) 18... Bxf5 (18... Qe6 $11) 19. exf5 $2 (19. Qxf5+ $16 {is necessary to keep the advantage.} Qe6 20. Qxe6+ fxe6 21. Bxc6) 19... e4 $1 $17 {[%cal Re4f3]} 20. dxe4 Qxe4 (20... Nxe4 $17 21. Bxc6 bxc6 22. Nxa5 Qg5 23. Nxc6 Rxg3 24. Qxe4 d5) 21. Bxc6 (21. Rfe1 $5 {[%cal Re1e4]} Qxf3 22. gxf3 $11) 21... bxc6 22. Nxa5 h4 23. Bh2 $1 {b4 is the strong threat.} Rdg8 24. Rae1 (24. b4 $1 $14 Rxg2 25. Qxe4 Nxe4 26. bxc5) 24... Qxf3 $15 25. gxf3 Rxa4 26. b4 Kd7 {And now ...Ba7 would win.} 27. Nxc6 Kxc6 28. bxc5 Nd5 (28... Kxc5 $11 29. Re7 Nd5 30. Rxf7 Rc4) 29. cxd6 $14 cxd6 30. Re4 $36 {[%mdl 2048] White has good play.} Rga8 31. c4 Nb6 32. Rxh4 Rxc4 (32... Nxc4 $11 {remains equal.} 33. Rh7 Ra1 34. Rxa1 Rxa1+ 35. Kg2 Ra7) 33. Rh7 Ra7 34. Rg1 Rc5 35. Rg5 Rd7 36. Kg2 f6 37. Rxd7 Nxd7 $11 {[%mdl 4096] Endgame KRB-KRN} 38. Rg4 Rxf5 39. Bf4 d5 40. Kf1 Nc5 41. Ke2 d4 42. Rh4 Kd5 43. Bh6 ({White must play} 43. Bd2) 43... Kc4 $17 44. Be3 Nb3 45. Rf4 $2 {[%mdl 8192]} (45. Rh8 $17) 45... Rxf4 $1 $19 46. Bxf4 {KB-KN} Kc3 47. Kd1 Kd3 48. Bh6 Nc5 49. Bg7 f5 50. Bf6 {[#]} Ne6 $1 {[%cal Re6f4]} 51. Ke1 $2 {[#]} (51. Be7 $19) 51... Kc2 $1 {Black mates.} 52. Be7 d3 53. Bb4 Nd4 54. Kf1 d2 55. Bxd2 Kxd2 {KN-KPP} 56. Kg2 Ne2 57. f4 Nxf4+ 58. Kg3 Ne6 59. Kh4 Ke2 60. f4 Kf3 {Precision: White = 47%, Black = 55%.} 0-1

[Event "MTS Logistics 2017"]
[Site "Urla"]
[Date "2017.07.08"]
[Round "2.8"]
[White "Kesgin, Halit Kaan"]
[Black "Gokerkan, Cem Kaan"]
[Result "0-1"]
[WhiteElo "2207"]
[BlackElo "2321"]
[Annotator "TA"]
[PlyCount "80"]
[EventDate "2017.??.??"]
[EventType "schev"]
[EventCountry "TUR"]
[SourceTitle "playchess.com"]
[Source "ChessBase"]
[SourceQuality "1"]

{[%evp 11,80,13,11,5,12,12,12,12,13,4,9,2,9,0,12,10,0,0,0,0,-7,-7,4,-6,21,-12,-12,-16,-2,-12,-10,-21,-28,-35,-43,-64,-12,-50,-29,-62,-39,-147,-159,-307,-269,-306,-309,-302,-305,-438,-440,-458,-452,-437,-434,-490,-478,-1000,-970,-4790,-4790,-1872,-1324,-29992,-29993,-29995,-29996,-29996,-29997,-29997,-29997]} 1. e4 c5 2. Nf3 d6 3. Bb5+ Nd7 4. d4 cxd4 5. Qxd4 a6 6. Bxd7+ Bxd7 7. c4 {B51: Sicilian: Moscow Variation (3 Bb5+) without 3...Bd7} b5 8. Nc3 e5 9. Qd3 {[%cal Rc4b5] The position is equal.} bxc4 10. Qxc4 Be6 11. Qc6+ (11. Qd3 {seems wilder.} h6 12. O-O Nf6 13. b3 Be7 14. Nd2) 11... Bd7 12. Qc4 Be6 13. Qd3 h6 {[#]} 14. Be3 $146 ({Predecessor:} 14. O-O Nf6 15. Rd1 Be7 16. Ne1 O-O {½-½ (59) Carlsen,M (2868)-Anand,V (2783) Stavanger 2013}) 14... Nf6 15. Rc1 Be7 16. O-O O-O 17. b3 Qa5 18. Rfd1 Rfd8 19. Bd2 {[#] And now Nd5 would win.} Qb6 20. h3 Qb7 21. Qe3 Rac8 22. Re1 Rc5 23. Nh2 Qa8 (23... d5 $15 24. exd5 Nxd5) 24. Nf1 (24. Ng4 $5) 24... d5 25. exd5 Nxd5 26. Qg3 {[#]} ({White should play} 26. Qe4 $15) 26... Nf4 $1 $36 {[%mdl 2560] Threatens to win with ...Bh4! Keeping White busy.} 27. Bxf4 (27. Rxe5 $17 Rxe5 28. Bxf4) 27... exf4 $19 28. Qxf4 Bg5 29. Qb4 Rdc8 30. Ne3 (30. Ng3 $142 a5 31. Qe4 Qxe4 32. Ngxe4 Bxc1 33. Nxc5) 30... a5 ({And not} 30... Bxe3 31. Rxe3 Rg5 32. g4 $11) 31. Qa4 {Now h4 and White clings on.} Rxc3 32. Rxc3 Rxc3 33. Nc4 Rc2 {Strongly threatening ...Bh4.} 34. Nxa5 (34. Rf1 $142) 34... Bd2 35. Re5 Rc1+ 36. Kh2 Qb8 37. f4 Qb6 {Black mates.} 38. Rb5 Qg1+ 39. Kg3 Rc3+ 40. Kh4 Qf2+ {Precision: White = 28%, Black = 80%.} 0-1

[Event "MTS Logistics 2017"]
[Site "Urla"]
[Date "2017.07.08"]
[Round "2.9"]
[White "Maghalashvili, Davit"]
[Black "Ozen, Bahadir"]
[Result "1/2-1/2"]
[WhiteElo "2489"]
[BlackElo "2315"]
[Annotator "TA"]
[PlyCount "63"]
[EventDate "2017.??.??"]
[EventType "schev"]
[EventCountry "TUR"]
[SourceTitle "playchess.com"]
[Source "ChessBase"]
[SourceQuality "1"]

{[%evp 20,63,0,0,9,0,8,2,31,22,30,20,32,43,24,0,0,0,0,0,0,4,18,0,30,30,38,37,48,29,73,19,39,27,73,58,58,52,79,46,40,0,79,0,60,0]} 1. d4 d6 2. Nf3 g6 3. g3 Bg7 4. Bg2 Nd7 5. O-O e5 6. c4 Ngf6 7. Nc3 O-O 8. e4 c6 9. h3 a6 10. d5 cxd5 11. cxd5 b5 {E69: King's Indian: Fianchetto: 6...Nbd7 7 0-0 e5 8 e4 c6 9 h3} 12. Ne1 b4 13. Na4 Nb6 {The position is equal.} 14. Nxb6 Qxb6 15. Be3 Qb7 16. Nd3 Bd7 17. Qb3 $146 ({Predecessor:} 17. Qd2 a5 18. Rfc1 Rfc8 19. b3 {1-0 (36) Murdzia,P (2481)-Sergeev,V (2508) Czechia 2009}) 17... Rfb8 18. a3 bxa3 19. Qxb7 Rxb7 20. Rxa3 Bb5 21. Rfa1 Ne8 (21... Nxe4 $5 22. Bxe4 f5 $11) 22. Nb4 {[%cal Rb4a6]} Nc7 23. Rc1 Bd7 24. Bd2 f5 25. exf5 (25. Nc6 $16) 25... gxf5 26. Nc6 Nb5 27. Ra2 Bf6 28. b4 Kf7 29. Rca1 Nc7 30. Rc1 (30. Na5 $5 {[%cal Ra5b7]} Rb5 31. Nc4 $14) 30... Nb5 31. Rca1 Nc7 32. Rc1 {Precision: White = 45%, Black = 47%.} (32. Rc2 $14) 1/2-1/2

[Event "MTS Logistics 2017"]
[Site "Urla"]
[Date "2017.07.08"]
[Round "2.10"]
[White "Firat, Burak"]
[Black "Esen, Baris"]
[Result "1/2-1/2"]
[WhiteElo "2480"]
[BlackElo "2528"]
[Annotator "TA"]
[PlyCount "26"]
[EventDate "2017.??.??"]
[EventType "schev"]
[EventCountry "TUR"]
[SourceTitle "playchess.com"]
[Source "ChessBase"]
[SourceQuality "1"]

{[%evp 12,26,41,40,75,49,81,42,56,28,41,44,40,36,37,22,22]} 1. e4 e5 2. Nf3 Nc6 3. Bc4 Be7 4. d4 d6 5. dxe5 dxe5 6. Qxd8+ Bxd8 7. Be3 f6 {C50: Hungarian Defence and Giuoco Pianissimo} (7... Nf6 8. Nc3 a6 9. O-O h6 10. Bd5 Nxd5 11. exd5 Nb4 12. Rac1 Bf5 13. Nxe5 Nxc2 14. Bf4 O-O 15. Rfd1 {½-½ (53) Rainfray,A (2394)-Bojkov,D (2447) France 2006}) 8. a4 $146 ({Predecessor:} 8. a3 Nb8 9. Nbd2 c6 10. Ba2 Nd7 11. Nc4 Bc7 12. O-O-O Ke7 13. b4 b6 14. Rd2 Nf8 15. Bb3 {1-0 (28) Bianchi,G (2330)-Rocha,A (2330) Buenos Aires 1989}) 8... Bg4 {[%cal Bc8g4,Bg4h5,Bh5f7,Bf7c4][%mdl 32]} 9. Nbd2 Nge7 {White is slightly better.} 10. a5 Bh5 11. a6 b6 12. c3 Bf7 13. O-O Bxc4 1/2-1/2

[Event "MTS Logistics 2017"]
[Site "Urla"]
[Date "2017.07.08"]
[Round "3.1"]
[White "Benidze, Davit"]
[Black "Bagaturov, Giorgi"]
[Result "1/2-1/2"]
[WhiteElo "2515"]
[BlackElo "2412"]
[Annotator "TA"]
[PlyCount "35"]
[EventDate "2017.??.??"]
[EventType "schev"]
[EventCountry "TUR"]
[SourceTitle "playchess.com"]
[Source "ChessBase"]
[SourceQuality "1"]

{[%evp 18,19,10,0]} 1. e4 c5 2. Nf3 Nc6 3. Bb5 g6 4. O-O Bg7 5. c3 Nf6 6. e5 Nd5 7. d4 cxd4 8. cxd4 O-O 9. Nc3 Nxc3 10. bxc3 {Predecessor:} d5 $146 11. Bxc6 bxc6 12. Ba3 Ba6 13. Re1 Qc7 14. h4 Rfb8 15. h5 Bc8 16. Qd2 Bg4 17. h6 Bf8 18. Nh2 {½-½ (55) Andreikin,D (2683)-Savchenko,B (2632) Moscow 2010} 1/2-1/2